000 00199nam a2200085Ia 4500
008 120527s9999 xx 000 0 und d
100 _aMankin, Gregory
245 _aPrinciples of Economics
942 _cBK
999 _c27038
_d27038